Electric and magnetic fields (Record no. 27655)

MARC details
000 -LEADER
fixed length control field 00282nam a2200109Ia 4500
082 ## - DEWEY DECIMAL CLASSIFICATION NUMBER
Classification number 537.2
Item number OAT
100 ## - MAIN ENTRY--AUTHOR NAME
Personal name Oatley, Charles
245 #0 - TITLE STATEMENT
Title Electric and magnetic fields
260 ## - PUBLICATION, DISTRIBUTION, ETC. (IMPRINT)
Place of publication London
Name of publisher Cambrdige University
Year of publication 1976
942 ## - ADDED ENTRY ELEMENTS (KOHA)
Koha item type Books
Holdings
Withdrawn status Lost status Damaged status Not for loan Home library Current library Date acquired Cost, normal purchase price Full call number Accession Number Koha item type
        RRII Library RRII Library 16/12/2021 9.75 537.2 OAT 08273 Books